PokéPark 2 Wonders Beyond: Tech Area Pokémon - Statistics

General Stats
  • This quiz has been taken 44 times
  • The average score is 29 of 39
Answer Stats
Hint Answer % Correct
#126 Gurdurr
96%
#127 Conkeldurr
92%
#153 Galvantula
92%
#136 Abra
88%
#131 Accelgor
88%
#148 Duosion
88%
#152 Joltik
88%
#147 Solosis
88%
#154 Electivire
85%
#138 Escavalier
85%
#162 Klink
85%
#156 Magmortar
85%
#149 Reuniclus
85%
#161 Dusknoir
81%
#129 Golurk
81%
#163 Klang
81%
#164 Klinklang
81%
#160 Duskull
77%
#155 Garbodor
77%
#128 Golett
77%
#157 Umbreon
77%
#130 Zebstrika
77%
#135 Honchkrow
73%
#139 Roggenrola
73%
#142 Voltorb
73%
#159 Gengar
69%
#140 Gigalith
69%
#143 Wynaut
65%
#144 Kirlia
62%
#145 Lopunny
62%
#134 Murkrow
62%
#150 Sableye
62%
#133 Salamence
62%
#158 Sneasel
62%
#132 Tyranitar
62%
#141 Mawile
58%
#146 Eevee
54%
#137 Scizor
42%
#151 Stunky
38%
No matching quizzes found
Score Distribution
Percent of People with Each Score
Percentile by Number Answered
Your Score History
You have not taken this quiz